MARC

LEADER 00000nas a2200000 i 4500
001 ssj0014415
003 WaSeSS
005 20200512172242.0
006 m d
007 cr n
008 970313c19889999pauqr pos 0 a0eng c
010 |a sn 97004542  
016 7 |a 003274009  |2 IsJJNL 
022 |a 1095-7146  |l 0895-4801  |y 0895-4801 
035 |a (WaSeSS)ssj0014415 
037 |b Society for Industrial and Applied Mathematics, 3600 Market St, 6th Fl, Philadelphia, PA 19104 United States 
040 |a LDL  |b eng  |e pn  |c LDL  |d NSD  |d OCL  |d OCLCQ  |d MUQ  |d OCL  |d CIT  |d OCLCQ  |d OCLCF  |d VT2  |d TXA  |d OCLCO  |d J9U  |d UA@  |d Z#Q  |d AU@  |d WaSeSS 
042 |a nsdp  |a pcc 
050 4 |a QA76.9.M35  |b S53x 
082 1 0 |a 004  |2 12 
130 0 |a SIAM journal on discrete mathematics (Online) 
210 0 |a SIAM j. discrete math.  |b (Online) 
222 0 |a SIAM journal on discrete mathematics  |b (Online) 
245 1 0 |a SIAM journal on discrete mathematics  |h [electronic resource]. 
246 1 |a Journal on discrete mathematics 
246 1 |a SIAM j. discrete math. 
260 |a [Philadelphia, Pa.] :  |b Society for Industrial and Applied Mathematics,  |c [1988]- 
310 |a Quarterly 
362 1 |a Began with: Vol. 1, no. 1 (February 1988). 
506 |a License restrictions may limit access. 
538 |a Mode of access: World Wide Web. 
588 |a Description based on: Vol. 1, no. 1 (February 1988); title from issue table of contents (SIAM site, viewed September 15, 2015). 
588 |a Latest issue consulted: Vol. 29, no. 2 (2015) (SIAM site, viewed September 15, 2015). 
650 0 |a Computer science  |x Mathematics  |v Periodicals. 
650 0 |a Mathematics  |v Periodicals. 
650 6 |a Informatique  |x Mathématiques  |v Périodiques. 
650 6 |a Mathématiques  |v Périodiques. 
650 7 |a Computer science  |x Mathematics.  |2 fast  |0 (OCoLC)fst00872460 
650 7 |a Mathematics.  |2 fast  |0 (OCoLC)fst01012163 
655 0 |a Electronic journals. 
710 2 |a Society for Industrial and Applied Mathematics. 
776 0 8 |i Print version:  |t SIAM journal on discrete mathematics  |x 0895-4801  |w (DLC) 88649131  |w (OCoLC)16655673 
780 0 1 |t SIAM journal on algebraic and discrete methods (Online)  |x 2168-345X  |w (DLC) 2012201524  |w (OCoLC)57968254 
856 4 0 |z Full text available from Research Library: 02/01/1988 to 07/31/2014  |u https://search.proquest.com/publication/666311